Statistiques concernant Objets de séries TV

Cliquez ici pour prendre le quiz!

Statistiques générales

  • Ce quiz a été pris 276 fois
  • Le résultat moyen est 4 sur 15

Statistiques - réponses

Réponse% Correct
Breaking bad
74%
Bones
46%
Sons of anarchy
38%
How I met your mother
36%
Prison break
34%
House of cards
32%
Ugly Betty
28%
Charmed
24%
Dr Who
22%
Demain à la une
12%
NCIS
12%
Alias
10%
Arabesque
9%
Kojak
9%
Lost
7%

Distribution des résultats

Percentile par nombre de réponses

% des personnes avec chaque résultat

Votre développement - résultats

Vous n’avez pas pris ce quiz